000 00475nam a2200181Ia 4500
001 7777
005 20260306160520.0
008 260306t2007||||xx |||||||||||||| ||spa||
041 _aESP
082 _a362.1
_bC76
100 _aEgsquiza Acero, Miriam
_eAUT
245 0 _aExclusión y derecho a la salud:
_bla función de los profesionales de la salud
260 _c2007
300 _a402 páginas :
_c21 cm.
650 _aGEN
654 _aCAN
942 _cLIB
_dJUS
_fJUS
_2ddc
_n
999 _c7777
_d7777